[Event "FBL S"]
[Site "?"]
[Date "2018.12.09"]
[Round "5.2"]
[White "Siegl, Melina"]
[Black "Nguyen, Ha Thanh"]
[Result "1-0"]
[WhiteElo "2005"]
[BlackElo "1898"]
[PlyCount "73"]
[EventDate "2018.10.27"]
[EventType "team-tourn"]
[EventCountry "GER"]
[WhiteTeam "Stuttgart SV Wolfbusch"]
[BlackTeam "Erfurt SV Medizin"]
[WhiteTeamCountry "GER"]
[BlackTeamCountry "GER"]

1. e4 c5 2. Nf3 g6 3. d3 Bg7 4. g3 Nc6 5. Bg2 d6 6. c3 Nf6 7. h3 O-O 8. Be3 Rb8
9. O-O b6 10. Qc1 Bb7 11. Bh6 Ne5 12. Ne1 Ba6 13. Bxg7 Kxg7 14. c4 Nc6 15. Nc2
b5 16. b3 bxc4 17. dxc4 Bb7 18. Nc3 Nd7 19. f4 e5 20. f5 a6 21. Nd5 f6 22. Qd1
Nd4 23. Nde3 Qe8 24. h4 Bc6 25. Qd2 Rf7 26. fxg6 hxg6 27. h5 Re7 28. Qf2 Qh8
29. hxg6 Kxg6 30. Nf5 Nxf5 31. exf5+ Kg7 32. Bxc6 Nf8 33. Kg2 Nh7 34. Rh1 Qc8
35. Bd5 Kf8 36. Rh6 Ke8 37. Rah1 1-0

[Event "FBL S"]
[Site "?"]
[Date "2018.12.09"]
[Round "5.3"]
[White "Mueller Ludwig, Kristin"]
[Black "Klotz, Sonja"]
[Result "1-0"]
[WhiteElo "2020"]
[BlackElo "1975"]
[PlyCount "33"]
[EventDate "2018.10.27"]
[EventType "team-tourn"]
[EventCountry "GER"]
[WhiteTeam "Erfurt SV Medizin"]
[BlackTeam "Stuttgart SV Wolfbusch"]
[WhiteTeamCountry "GER"]
[BlackTeamCountry "GER"]

1. e4 c5 2. Nf3 Nc6 3. d4 cxd4 4. Nxd4 Nf6 5. Nc3 d6 6. Bg5 e6 7. Qd2 Be7 8. f4
Nxd4 9. Qxd4 Qa5 10. Bb5+ Kf8 11. e5 dxe5 12. fxe5 Nd5 13. Bxe7+ Nxe7 14. O-O-O
g6 15. Qd6 a6 16. Ba4 b5 17. b4 1-0

[Event "FBL S"]
[Site "?"]
[Date "2018.12.09"]
[Round "5.4"]
[White "Kobald, Jacqueline"]
[Black "Anisheva, Varvara"]
[Result "0-1"]
[WhiteElo "1797"]
[BlackElo "2089"]
[PlyCount "130"]
[EventDate "2018.10.27"]
[EventType "team-tourn"]
[EventCountry "GER"]
[WhiteTeam "Stuttgart SV Wolfbusch"]
[BlackTeam "Erfurt SV Medizin"]
[WhiteTeamCountry "GER"]
[BlackTeamCountry "GER"]

1. e4 c5 2. Nf3 Nc6 3. d4 cxd4 4. Nxd4 Qc7 5. Nc3 e6 6. g3 a6 7. Bg2 Nf6 8. O-O
Nxd4 9. Qxd4 Bc5 10. Bf4 d6 11. Qd2 O-O 12. Rad1 Ne8 13. Rfe1 f6 14. Na4 e5 15.
Qd5+ Kh8 16. Nxc5 exf4 17. Ne6 Bxe6 18. Qxe6 fxg3 19. hxg3 Qf7 20. Bh3 b5 21.
Re3 b4 22. c3 Rb8 23. cxb4 Rxb4 24. b3 Rb6 25. Rc3 Nc7 26. Qxf7 Rxf7 27. Rdc1
Rb7 28. Rc6 g6 29. Rxd6 Kg7 30. Bc8 Ra7 31. Rdc6 a5 32. a4 Re7 33. f3 Kf7 34.
Kf2 Ne8 35. R1c5 Nc7 36. Ke3 h6 37. Kd4 h5 38. f4 Ne6+ 39. Bxe6+ Rxe6 40. Rxe6
Kxe6 41. Rc6+ Kf7 42. e5 fxe5+ 43. fxe5 Rb7 44. Kd5 Rxb3 45. Rc7+ Ke8 46. Rc6
Rxg3 47. Ke6 Kd8 48. Rd6+ Ke8 49. Ra6 Kf8 50. Kd7 Re3 51. Ra8+ Kf7 52. Rxa5
Rd3+ 53. Kc6 Ke6 54. Rb5 Ra3 55. a5 h4 56. Rb4 Rxa5 57. Rxh4 Rxe5 58. Rg4 g5
59. Rg1 Kf5 60. Kd6 Re4 61. Kd5 Rf4 62. Rh1 Rf2 63. Kd4 Kf4 64. Rg1 g4 65. Kd3
g3 0-1

[Event "FBL S"]
[Site "?"]
[Date "2018.12.09"]
[Round "5.6"]
[White "Mijatovic, Andrea"]
[Black "Umpfenbach, Carolin"]
[Result "0-1"]
[WhiteElo "1962"]
[BlackElo "2084"]
[PlyCount "56"]
[EventDate "2018.10.27"]
[EventType "team-tourn"]
[EventCountry "GER"]
[WhiteTeam "Stuttgart SV Wolfbusch"]
[BlackTeam "Erfurt SV Medizin"]
[WhiteTeamCountry "GER"]
[BlackTeamCountry "GER"]

1. e4 e6 2. d4 d5 3. exd5 exd5 4. Nf3 Nf6 5. Bg5 Be7 6. c4 c6 7. Be2 Nbd7 8.
O-O O-O 9. Nc3 dxc4 10. Bxc4 Nb6 11. Bd3 Bg4 12. Be2 Nfd5 13. Bxe7 Qxe7 14. Re1
Rad8 15. Nxd5 Nxd5 16. Qa4 Qb4 17. Qxa7 Nf4 18. Bf1 Bxf3 19. gxf3 Rxd4 20. Re3
Qxb2 21. Rae1 h6 22. Qc5 Ne6 23. Qe7 Rd2 24. Bh3 Rxf2 25. Rxe6 fxe6 26. Qxe6+
Kh8 27. Qg6 R2xf3 28. Qe4 Qf2+ 0-1

[Event "FBL S"]
[Site "?"]
[Date "2018.12.09"]
[Round "5.2"]
[White "Hund, Barbara"]
[Black "Dietzen, Corinna"]
[Result "1/2-1/2"]
[WhiteElo "2129"]
[BlackElo "1996"]
[PlyCount "147"]
[EventDate "2018.10.27"]
[EventType "team-tourn"]
[EventCountry "GER"]
[WhiteTeam "Freiburg SK Zaehringen"]
[BlackTeam "Wadgassen SF"]
[WhiteTeamCountry "GER"]
[BlackTeamCountry "GER"]

1. e4 d6 2. d4 Nf6 3. Nc3 Nbd7 4. Bc4 e5 5. Nf3 Be7 6. O-O O-O 7. a4 c6 8. dxe5
dxe5 9. a5 Qc7 10. Bg5 Nc5 11. Qe2 Bg4 12. h3 Bd7 13. Nh4 Ne6 14. Bxe6 Bxe6 15.
Nf5 Bxf5 16. exf5 Nd5 17. Bd2 Nb4 18. Be3 Qc8 19. g4 Rd8 20. Ne4 Nd5 21. Rfd1
Qc7 22. Bd2 Nf6 23. Bc3 Rd5 24. Nd2 Rad8 25. Nc4 e4 26. Ne3 Rxd1+ 27. Rxd1 Qf4
28. Ng2 Qh6 29. Rxd8+ Bxd8 30. h4 Qc1+ 31. Ne1 Qf4 32. Ng2 Qxg4 33. Qd2 Nd5 34.
Be5 Bxh4 35. c4 e3 36. fxe3 Qxc4 37. Bd4 Bg5 38. Bxa7 Qe4 39. Qf2 Ne7 40. Qd2
Nd5 41. Qf2 h5 42. Qg3 Qxf5 43. e4 Bf4 44. Qe1 Qh3 45. exd5 Bh2+ 46. Kf1 Qf3+
47. Bf2 cxd5 48. Qe2 Qf5 49. Qd2 Bg3 50. Ne3 Qh3+ 51. Ke2 Qh2 52. Nd1 Qg2 53.
Qe3 h4 54. Qe8+ Kh7 55. Qxf7 Qe4+ 56. Ne3 d4 57. Qh5+ Kg8 58. Qd5+ Qxd5 59.
Nxd5 d3+ 60. Kf3 d2 61. Ne3 Be5 62. Nd1 g5 63. Kg4 Bf6 64. b4 Bd8 65. Be3 Kf7
66. Bxd2 Ke6 67. Nc3 Kd7 68. Ne4 Kc6 69. Nc5 Be7 70. Ne6 Kb5 71. Nc7+ Kc6 72.
Ne6 Kb5 73. Nd4+ Kc4 74. Ne6 1/2-1/2

[Event "FBL S"]
[Site "?"]
[Date "2018.12.09"]
[Round "5.4"]
[White "Spiegelberg, Silvia"]
[Black "Thiery, Jennifer"]
[Result "1-0"]
[WhiteElo "1890"]
[BlackElo "1829"]
[PlyCount "159"]
[EventDate "2018.10.27"]
[EventType "team-tourn"]
[EventCountry "GER"]
[WhiteTeam "Freiburg SK Zaehringen"]
[BlackTeam "Wadgassen SF"]
[WhiteTeamCountry "GER"]
[BlackTeamCountry "GER"]

1. e4 c5 2. Nf3 Nc6 3. d4 cxd4 4. Nxd4 g6 5. c4 Bg7 6. Be3 d6 7. Nc3 Nf6 8. Be2
O-O 9. O-O Bd7 10. a3 Rc8 11. Rc1 Ne5 12. b3 a6 13. f3 Qa5 14. Qd2 Rfe8 15. Nc2
b5 16. b4 Qc7 17. c5 Red8 18. Qe1 Be6 19. Nd4 Bc4 20. cxd6 Qxd6 21. Rd1 Bxe2
22. Ncxe2 Nc4 23. Bc1 Qb6 24. Kh1 Rd7 25. Nb3 Rxd1 26. Qxd1 Rd8 27. Qc2 Nd7 28.
Nf4 e6 29. Nd3 Nde5 30. Ndc5 Bf8 31. Rd1 Rxd1+ 32. Qxd1 Bg7 33. f4 Nc6 34. Qd7
Bb2 35. Bxb2 Nxb2 36. Qc8+ Qd8 37. Qxd8+ Nxd8 38. Nxa6 Nc4 39. Nd4 Nxa3 40. Nc7
Kf8 41. Kg1 Ke7 42. e5 Kd7 43. Ncxb5 Nxb5 44. Nxb5 Nc6 45. Nd6 f6 46. b5 fxe5
47. Ne4 Nd4 48. fxe5 Nxb5 49. Nf6+ Kc6 50. Nxh7 Kd5 51. Nf8 g5 52. Nh7 Kxe5 53.
Nxg5 Kf5 54. Nf3 e5 55. Kf2 Nd6 56. Nd2 Kf4 57. h3 Nf5 58. Nf1 e4 59. g3+ Kg5
60. Ne3 Nd4 61. Nc4 Nf5 62. g4 Nh6 63. Kg3 Ng8 64. h4+ Kg6 65. Kf4 Nf6 66. g5
Nh7 67. Kg4 Nf8 68. Ne5+ Kg7 69. Kf4 Ne6+ 70. Kxe4 Nf8 71. Kf5 Kh7 72. Kf6 Kg8
73. h5 Nh7+ 74. Kg6 Nf8+ 75. Kf5 Kg7 76. g6 Kg8 77. Kf6 Kh8 78. g7+ Kh7 79.
gxf8=R Kh6 80. Rh8# 1-0

[Event "FBL S"]
[Site "?"]
[Date "2018.12.09"]
[Round "5.5"]
[White "Leinenbach, Janine"]
[Black "Neisius, Laura Maria"]
[Result "1/2-1/2"]
[WhiteElo "1727"]
[BlackElo "1651"]
[PlyCount "83"]
[EventDate "2018.10.27"]
[EventType "team-tourn"]
[EventCountry "GER"]
[WhiteTeam "Wadgassen SF"]
[BlackTeam "Freiburg SK Zaehringen"]
[WhiteTeamCountry "GER"]
[BlackTeamCountry "GER"]

1. c4 d5 2. cxd5 Qxd5 3. Nc3 Qa5 4. g3 c6 5. Bg2 Nf6 6. Nf3 Bf5 7. d3 e6 8. Bd2
Nbd7 9. O-O Qc7 10. Rc1 a6 11. h3 Bc5 12. Bf4 Qd8 13. d4 Ba7 14. Qb3 Qb6 15.
Qxb6 Bxb6 16. Rfd1 O-O 17. Na4 Ba5 18. Bd6 Rfe8 19. Ne5 Nxe5 20. Bxe5 Nd7 21.
Bf4 e5 22. dxe5 Nxe5 23. Nc5 Rab8 24. e3 Bc7 25. b3 h6 26. Bxe5 Bxe5 27. Nd7
Bxd7 28. Rxd7 Red8 29. Rcd1 Bf6 30. Kf1 Kf8 31. Ke2 Ke8 32. R7d3 c5 33. Rd5 b6
34. a4 Rxd5 35. Bxd5 Rd8 36. Bc4 Rxd1 37. Kxd1 a5 38. Ke2 Ke7 39. Kd3 Be5 40.
f4 Bc7 41. g4 g5 42. Ke4 1/2-1/2

[Event "FBL S"]
[Site "?"]
[Date "2018.12.09"]
[Round "5.1"]
[White "Brandl, Lea Maria"]
[Black "Carow, Annelen"]
[Result "0-1"]
[WhiteElo "1883"]
[BlackElo "2127"]
[PlyCount "68"]
[EventDate "2018.10.27"]
[EventType "team-tourn"]
[EventCountry "GER"]
[WhiteTeam "Mainz TSV Schott"]
[BlackTeam "Langen SK"]
[WhiteTeamCountry "GER"]
[BlackTeamCountry "GER"]

1. d4 Nf6 2. c4 e6 3. Nc3 Bb4 4. Qc2 O-O 5. a3 Bxc3+ 6. Qxc3 d5 7. e3 b6 8. Nf3
Ba6 9. b4 dxc4 10. Bxc4 Ne4 11. Qc2 Bxc4 12. Qxc4 Qd5 13. Qc2 Nd7 14. O-O Rfc8
15. Rd1 a5 16. bxa5 Rxa5 17. Bb2 Qb7 18. Rac1 c5 19. Qd3 Raa8 20. dxc5 Ndxc5
21. Qe2 Na4 22. Rxc8+ Rxc8 23. Qd3 f6 24. Ba1 Kf7 25. Qd7+ Qxd7 26. Rxd7+ Ke8
27. Rd1 e5 28. g3 Rc2 29. Rf1 Ra2 30. Kg2 Rxa3 31. Ng1 Ra2 32. Nh3 Nd2 33. Rd1
Nb3 34. Bxe5 fxe5 0-1

[Event "FBL S"]
[Site "?"]
[Date "2018.12.09"]
[Round "5.2"]
[White "Achatz, Kirstin"]
[Black "Krasnopeyeva, Julia"]
[Result "1-0"]
[WhiteElo "1960"]
[BlackElo "1922"]
[PlyCount "99"]
[EventDate "2018.10.27"]
[EventType "team-tourn"]
[EventCountry "GER"]
[WhiteTeam "Langen SK"]
[BlackTeam "Mainz TSV Schott"]
[WhiteTeamCountry "GER"]
[BlackTeamCountry "GER"]

1. d4 Nf6 2. Bf4 g6 3. e3 Bg7 4. Nf3 d6 5. h3 O-O 6. Be2 Nfd7 7. O-O e5 8. Bh2
f5 9. c3 Nc6 10. Nbd2 e4 11. Ne1 Qe7 12. a4 Kh8 13. Nc2 Nf6 14. Na3 a6 15. Qc2
Bd7 16. b4 Rae8 17. Rfb1 Nd8 18. b5 a5 19. b6 cxb6 20. Rxb6 Bc6 21. Nac4 f4 22.
Bxf4 Nd5 23. Bxd6 Qf7 24. Bxf8 Rxf8 25. Rf1 Nxb6 26. Nxb6 Qf5 27. Bg4 Qf6 28.
Nd7 Bxd7 29. Bxd7 Qf7 30. Bb5 Ne6 31. Bc4 Qd7 32. Nxe4 Rc8 33. Bxe6 Qxe6 34.
Rb1 b6 35. Nd2 Bf8 36. Qb3 Qc6 37. Qxb6 Qxc3 38. Nf3 Qc2 39. Qb5 Bb4 40. Rf1
Rf8 41. Qd7 Rf5 42. Ne5 Qa2 43. Nd3 Bd2 44. Nf4 Bb4 45. Rc1 Rf7 46. Qd5 Qd2 47.
Qxf7 Qxc1+ 48. Kh2 Qc8 49. Ne6 Qg8 50. Qf6+ 1-0

[Event "FBL S"]
[Site "?"]
[Date "2018.12.09"]
[Round "5.3"]
[White "Voss, Chantal"]
[Black "Poetsch, Leonore"]
[Result "0-1"]
[WhiteElo "1940"]
[BlackElo "2047"]
[PlyCount "104"]
[EventDate "2018.10.27"]
[EventType "team-tourn"]
[EventCountry "GER"]
[WhiteTeam "Mainz TSV Schott"]
[BlackTeam "Langen SK"]
[WhiteTeamCountry "GER"]
[BlackTeamCountry "GER"]

1. d4 d5 2. c4 c6 3. Nf3 Nf6 4. g3 Bf5 5. cxd5 cxd5 6. Bg2 e6 7. Bf4 Nc6 8. O-O
Be7 9. Nc3 O-O 10. a3 Rc8 11. Rc1 Na5 12. Nd2 Qb6 13. b4 Nc4 14. Nxc4 Rxc4 15.
Na4 Rxc1 16. Bxc1 Qc6 17. Nc5 b6 18. Qa4 Rc8 19. Qxc6 Rxc6 20. Nb3 Rc3 21. Nd2
a5 22. bxa5 bxa5 23. a4 Ba3 24. Bxa3 Rxa3 25. Rc1 h5 26. f3 Rxa4 27. Nb3 Ra2
28. Kf1 a4 29. Nc5 Bc2 30. Ke1 Kf8 31. Bf1 Ke7 32. Kd2 Bf5+ 33. Kc3 Nd7 34. h4
Nxc5 35. dxc5 e5 36. Kb4 Rc2 37. Rxc2 Bxc2 38. e3 d4 39. exd4 exd4 40. Bb5 d3
41. Bxd3 Bxd3 42. Kxa4 Be2 43. f4 Kd7 44. Kb3 Kc6 45. Kc3 Kxc5 46. Kd2 Bg4 47.
Kd3 Kd5 48. Ke3 Bf5 49. Kf3 Kd4 50. Ke2 Ke4 51. Kf2 Bg4 52. Kg2 Ke3 0-1

[Event "FBL S"]
[Site "?"]
[Date "2018.12.09"]
[Round "5.4"]
[White "Ehmann, Johanna"]
[Black "Katte, Isabel"]
[Result "1-0"]
[WhiteElo "1879"]
[BlackElo "1923"]
[PlyCount "69"]
[EventDate "2018.10.27"]
[EventType "team-tourn"]
[EventCountry "GER"]
[WhiteTeam "Langen SK"]
[BlackTeam "Mainz TSV Schott"]
[WhiteTeamCountry "GER"]
[BlackTeamCountry "GER"]

1. e4 e6 2. d4 b6 3. Nf3 Bb7 4. Bd3 Be7 5. Qd2 d6 6. O-O Nf6 7. c4 O-O 8. b3
Nc6 9. a3 Re8 10. Bb2 Bf8 11. Qc2 e5 12. d5 Ne7 13. Nh4 Nh5 14. Bc1 Rc8 15. Qe2
g6 16. Qg4 Nf6 17. Qg5 Bg7 18. Ra2 Rb8 19. f4 h6 20. Qg3 Nh5 21. Qf2 exf4 22.
Bxf4 Rf8 23. Be3 Bc8 24. Qe1 g5 25. Nf5 Nxf5 26. exf5 Re8 27. Qf2 Be5 28. Qf3
Nf6 29. Qh3 Kg7 30. Bc1 Bd4+ 31. Kh1 Ne4 32. Bxe4 Rxe4 33. Qd3 Rh4 34. g3 Rg4
35. h3 1-0

[Event "FBL S"]
[Site "?"]
[Date "2018.12.09"]
[Round "5.6"]
[White "Buchholz, Maja"]
[Black "Zemke, Christine"]
[Result "0-1"]
[WhiteElo "1517"]
[BlackElo "1700"]
[PlyCount "94"]
[EventDate "2018.10.27"]
[EventType "team-tourn"]
[EventCountry "GER"]
[WhiteTeam "Langen SK"]
[BlackTeam "Mainz TSV Schott"]
[WhiteTeamCountry "GER"]
[BlackTeamCountry "GER"]

1. c4 d5 2. cxd5 Qxd5 3. Nc3 Qa5 4. d4 Nf6 5. Nf3 c6 6. Bd2 Bg4 7. e3 Qc7 8.
Be2 e6 9. h3 Bh5 10. e4 Be7 11. O-O Nbd7 12. Qc1 Rc8 13. Re1 O-O 14. e5 Nd5 15.
Ne4 N7b6 16. a3 Bg6 17. Bd3 c5 18. dxc5 Bxc5 19. b4 Be7 20. Qd1 Qd7 21. Rc1
Rxc1 22. Qxc1 Rc8 23. Qd1 Na4 24. Bb1 Nb2 25. Qe2 Na4 26. g4 Nab6 27. h4 h6 28.
h5 Bh7 29. Kh2 Nc4 30. Bc1 Qc7 31. Rg1 Nxe5 32. Kh1 Nxf3 33. Qxf3 Qe5 34. g5
Bxe4 35. Bxe4 hxg5 36. Bxg5 Bxg5 37. Qg2 Bh6 38. Bf3 b6 39. Qg4 Rc2 40. Qg2 Nf4
41. Qh2 Nd3 42. Qxe5 Nxe5 43. Be4 Rxf2 44. Rd1 Rd2 45. Re1 Ng4 46. Kg1 Be3+ 47.
Kf1 Nh2# 0-1

[Event "FBL S"]
[Site "?"]
[Date "2019.01.12"]
[Round "6.1"]
[White "Afraoui, Anaelle"]
[Black "Jussupow, Nadejda"]
[Result "1-0"]
[WhiteElo "2016"]
[BlackElo "2150"]
[PlyCount "59"]
[EventDate "2018.10.27"]
[EventType "team-tourn"]
[EventCountry "GER"]
[WhiteTeam "Langen SK"]
[BlackTeam "Augsburg SG"]
[WhiteTeamCountry "GER"]
[BlackTeamCountry "GER"]

1. e4 c5 2. Nf3 d6 3. d4 cxd4 4. Nxd4 Nf6 5. Nc3 g6 6. Be3 Bg7 7. f3 a6 8. Qd2
Nbd7 9. g4 b5 10. O-O-O Bb7 11. h4 h5 12. g5 Nh7 13. Be2 O-O 14. Rhf1 Nb6 15.
f4 b4 16. Nb1 Bxe4 17. f5 Rc8 18. fxg6 Bxg6 19. Nf5 Nc4 20. Bxc4 Rxc4 21. Qe2
Re4 22. Nd2 Bxf5 23. Rxf5 Qc8 24. Rxf7 Rxh4 25. Rxe7 Qc6 26. Bf2 Rg4 27. Qe6+
Kh8 28. Be3 Rg8 29. Ne4 Be5 30. Rxh7+ 1-0

[Event "FBL S"]
[Site "?"]
[Date "2019.01.12"]
[Round "6.2"]
[White "Horvath, Maria"]
[Black "Flach, Helene"]
[Result "1-0"]
[WhiteElo "1985"]
[BlackElo "1809"]
[PlyCount "49"]
[EventDate "2018.10.27"]
[EventType "team-tourn"]
[EventCountry "GER"]
[WhiteTeam "Augsburg SG"]
[BlackTeam "Langen SK"]
[WhiteTeamCountry "GER"]
[BlackTeamCountry "GER"]

1. d4 Nf6 2. Nf3 e6 3. e3 d5 4. Bd3 c5 5. b3 Nc6 6. Bb2 Bd6 7. Ne5 O-O 8. a3
Qc7 9. f4 Ne4 10. Nd2 f5 11. O-O b6 12. Rf3 Bd7 13. Rh3 Be8 14. Ndf3 Be7 15.
Qe1 Nd8 16. Qe2 Nf7 17. Nxf7 Bxf7 18. Ne5 Be8 19. g4 Qd8 20. Kh1 Rc8 21. Rg1
Bh4 22. Bxe4 dxe4 23. g5 cxd4 24. Bxd4 Qe7 25. a4 1-0

[Event "FBL S"]
[Site "?"]
[Date "2019.01.12"]
[Round "6.4"]
[White "Braun, Kristin"]
[Black "Liez, Franziska"]
[Result "1/2-1/2"]
[WhiteElo "1908"]
[BlackElo "1819"]
[PlyCount "55"]
[EventDate "2018.10.27"]
[EventType "team-tourn"]
[EventCountry "GER"]
[WhiteTeam "Augsburg SG"]
[BlackTeam "Langen SK"]
[WhiteTeamCountry "GER"]
[BlackTeamCountry "GER"]

1. e4 e5 2. Bc4 Nc6 3. Nf3 Bc5 4. d3 Nf6 5. c3 d6 6. Bb3 Be6 7. Bc2 d5 8. O-O
dxe4 9. dxe4 Qxd1 10. Rxd1 a5 11. h3 O-O 12. Bg5 Nd7 13. Ba4 Ncb8 14. Bb3 Bxb3
15. axb3 f6 16. Bh4 Nb6 17. Nfd2 Nc6 18. Kf1 Rfd8 19. Na3 Bxa3 20. bxa3 Kf7 21.
f3 Nd7 22. Bf2 Nf8 23. Nc4 Ne6 24. Be3 Ke7 25. Ke2 g6 26. Rd5 b6 27. Rad1 Ke8
28. Rxd8+ 1/2-1/2

[Event "FBL S"]
[Site "?"]
[Date "2019.01.12"]
[Round "6.6"]
[White "Muench, Ursula"]
[Black "Buchholz, Maja"]
[Result "1-0"]
[WhiteElo "1786"]
[BlackElo "1507"]
[PlyCount "153"]
[EventDate "2018.10.27"]
[EventType "team-tourn"]
[EventCountry "GER"]
[WhiteTeam "Augsburg SG"]
[BlackTeam "Langen SK"]
[WhiteTeamCountry "GER"]
[BlackTeamCountry "GER"]

1. Nf3 c5 2. g3 g6 3. Bg2 Bg7 4. O-O Nc6 5. e3 Nf6 6. d4 cxd4 7. exd4 d6 8. c4
O-O 9. Nc3 Bf5 10. a3 Qd7 11. b4 Bh3 12. Bb2 Bxg2 13. Kxg2 Rac8 14. Qe2 d5 15.
b5 Na5 16. Ne5 Qd8 17. c5 Nd7 18. f4 Nxe5 19. fxe5 Nc4 20. Bc1 Qd7 21. Qf3 Rcd8
22. Re1 Rfe8 23. Ra2 e6 24. Bg5 Ra8 25. a4 Qc7 26. Rf2 Rf8 27. h4 h6 28. Bf6
Bxf6 29. Qxf6 Qa5 30. Qf3 h5 31. Ref1 Qc7 32. Kh3 Qe7 33. Ne2 b6 34. Qf6 Qxf6
35. Rxf6 bxc5 36. dxc5 Rac8 37. c6 Nb2 38. R6f4 Nd3 39. Rf6 Nxe5 40. Nd4 Rfe8
41. Nb3 Re7 42. Nc5 Kg7 43. Nb7 Nc4 44. Nc5 e5 45. R6f2 f5 46. Rd1 Ne3 47. Rd3
d4 48. Re2 Ree8 49. Nb7 Rc7 50. Nc5 Kf7 51. Na6 Rcc8 52. Nc5 Ke7 53. Nd7 Kd6
54. Rexe3 Kc7 55. Rxe5 Rxe5 56. Nxe5 Rd8 57. Nxg6 Kb6 58. Nf4 a6 59. Nxh5 axb5
60. axb5 Kxb5 61. c7 Rc8 62. Rxd4 Rxc7 63. Rd5+ Kc6 64. Rxf5 Rh7 65. Nf4 Kd6
66. h5 Rh6 67. Kh4 Ke7 68. Kg5 Ra6 69. h6 Ra8 70. h7 Kd6 71. Ng6 Ke6 72. Nf8+
Kd6 73. h8=Q Ra3 74. Qe5+ Kc6 75. Qe6+ Kb7 76. Rf7+ Kb8 77. Qe8# 1-0

[Event "FBL S"]
[Site "?"]
[Date "2019.01.12"]
[Round "6.1"]
[White "Juhasz, Barbara"]
[Black "Zimmer, Elke"]
[Result "1-0"]
[WhiteElo "2182"]
[BlackElo "1936"]
[PlyCount "69"]
[EventDate "2018.10.27"]
[EventType "team-tourn"]
[EventCountry "GER"]
[WhiteTeam "Erfurt SV Medizin"]
[BlackTeam "Wadgassen SF"]
[WhiteTeamCountry "GER"]
[BlackTeamCountry "GER"]

1. e4 e5 2. Nc3 Nc6 3. Bc4 Nf6 4. d3 Na5 5. Qf3 Nxc4 6. dxc4 h6 7. Nge2 d6 8.
h3 c6 9. b3 Nd7 10. Bb2 Qf6 11. Qxf6 Nxf6 12. O-O-O Be6 13. Ba3 Rd8 14. Rd3 b6
15. Rhd1 c5 16. Kb1 a6 17. f4 Rb8 18. fxe5 dxe5 19. Bb2 b5 20. cxb5 axb5 21.
Nd5 c4 22. Nc7+ Ke7 23. Re3 Nd7 24. Nc3 cxb3 25. cxb3 b4 26. Na4 f5 27. Nxe6
Kxe6 28. exf5+ Ke7 29. Bxe5 Nxe5 30. Rxe5+ Kf6 31. Rdd5 Be7 32. Re6+ Kf7 33.
Rd7 Rhe8 34. Nb6 Rbd8 35. Rexe7+ 1-0

[Event "FBL S"]
[Site "?"]
[Date "2019.01.12"]
[Round "6.2"]
[White "Dellert, Lena"]
[Black "Troyke, Doreen"]
[Result "1/2-1/2"]
[WhiteElo "1870"]
[BlackElo "2065"]
[PlyCount "69"]
[EventDate "2018.10.27"]
[EventType "team-tourn"]
[EventCountry "GER"]
[WhiteTeam "Wadgassen SF"]
[BlackTeam "Erfurt SV Medizin"]
[WhiteTeamCountry "GER"]
[BlackTeamCountry "GER"]

1. e4 c5 2. Nf3 Nc6 3. d4 cxd4 4. Nxd4 e5 5. Nb5 d6 6. N1c3 a6 7. Na3 b5 8. Nd5
Nce7 9. c4 Nxd5 10. Qxd5 Be6 11. Qd3 b4 12. Nc2 a5 13. Be2 Nf6 14. Bg5 Be7 15.
O-O O-O 16. Rfd1 Ne8 17. Be3 f5 18. exf5 Bxf5 19. Qd2 Nf6 20. Bf3 Rc8 21. b3
Kh8 22. Bg5 h6 23. Bxf6 Bxf6 24. Rac1 e4 25. Be2 Bg5 26. Ne3 Qb6 27. Qd4 Rc6
28. Qxb6 Rxb6 29. c5 dxc5 30. Rxc5 Rbf6 31. Nxf5 Rxf5 32. Rxf5 Rxf5 33. Bc4 e3
34. f3 Re5 35. Kf1 1/2-1/2

[Event "FBL S"]
[Site "?"]
[Date "2019.01.12"]
[Round "6.3"]
[White "Nguyen, Ha Thanh"]
[Black "Czech, Daiva"]
[Result "0-1"]
[WhiteElo "1881"]
[BlackElo "2068"]
[PlyCount "104"]
[EventDate "2018.10.27"]
[EventType "team-tourn"]
[EventCountry "GER"]
[WhiteTeam "Erfurt SV Medizin"]
[BlackTeam "Wadgassen SF"]
[WhiteTeamCountry "GER"]
[BlackTeamCountry "GER"]

1. e4 c5 2. Nf3 d6 3. d4 cxd4 4. Nxd4 Nf6 5. Nc3 a6 6. Be2 e5 7. Nb3 Be7 8. O-O
O-O 9. Be3 b5 10. a4 Bb7 11. axb5 axb5 12. Rxa8 Bxa8 13. Bxb5 Nxe4 14. Nd5 Nd7
15. c4 Nef6 16. Nc3 Qc7 17. Qe2 Nb6 18. Rc1 Rc8 19. Nd1 Nbd7 20. f3 Bc6 21. Nc3
Ra8 22. Qf2 Qb7 23. Qd2 Bxb5 24. Nxb5 d5 25. Na5 Qa6 26. Nc7 Qxa5 27. Nxa8 Qxa8
28. cxd5 Qxd5 29. Rc8+ Nf8 30. Qc1 N6d7 31. Rc2 f5 32. Rd2 Qb5 33. Rc2 Ne6 34.
Rc8+ Kf7 35. Qc2 g6 36. Qc1 Bc5 37. Bxc5 Ndxc5 38. Qh6 Ng7 39. Qxh7 Nce6 40.
Qg8+ Ke7 41. Rb8 Qc5+ 42. Kf1 Qc7 43. b4 Kf6 44. b5 Qc1+ 45. Kf2 e4 46. fxe4
fxe4 47. Rf8+ Ke5 48. Re8 Qd2+ 49. Kf1 Nxe8 50. Qxe8 e3 51. Qb8+ Kf6 52. Qh8+
Kf7 0-1

[Event "FBL S"]
[Site "?"]
[Date "2019.01.12"]
[Round "6.4"]
[White "Thiery, Jennifer"]
[Black "Mueller Ludwig, Kristin"]
[Result "0-1"]
[WhiteElo "1812"]
[BlackElo "2034"]
[PlyCount "48"]
[EventDate "2018.10.27"]
[EventType "team-tourn"]
[EventCountry "GER"]
[WhiteTeam "Wadgassen SF"]
[BlackTeam "Erfurt SV Medizin"]
[WhiteTeamCountry "GER"]
[BlackTeamCountry "GER"]

1. e4 e6 2. d4 d5 3. e5 c5 4. c3 Nc6 5. Nf3 Qb6 6. a3 Nh6 7. b4 cxd4 8. cxd4
Nf5 9. Be3 Bd7 10. Be2 Be7 11. O-O f6 12. Nc3 fxe5 13. Na4 Qd8 14. dxe5 Nxe3
15. fxe3 b6 16. Bd3 Qb8 17. Ng5 Nxe5 18. Qh5+ Kd8 19. Nb2 Qd6 20. Rac1 Be8 21.
Nf7+ Nxf7 22. Rxf7 Bxf7 23. Qxf7 Qe5 24. Nd1 Rf8 0-1

[Event "FBL S"]
[Site "?"]
[Date "2019.01.12"]
[Round "6.5"]
[White "Reuter, Elisa"]
[Black "Leinenbach, Janine"]
[Result "1-0"]
[WhiteElo "1910"]
[BlackElo "1725"]
[PlyCount "167"]
[EventDate "2018.10.27"]
[EventType "team-tourn"]
[EventCountry "GER"]
[WhiteTeam "Erfurt SV Medizin"]
[BlackTeam "Wadgassen SF"]
[WhiteTeamCountry "GER"]
[BlackTeamCountry "GER"]

1. e4 e5 2. Nf3 Nc6 3. Bc4 Bc5 4. c3 Nf6 5. d3 O-O 6. O-O d6 7. Nbd2 Bb6 8. Bb3
a6 9. h3 Qe8 10. Re1 Be6 11. Nf1 Bxb3 12. Qxb3 Qe6 13. Qd1 Rae8 14. Ng3 d5 15.
Nh4 dxe4 16. dxe4 Rd8 17. Qf3 Ne7 18. Bg5 Ne8 19. Bxe7 Qxe7 20. Nhf5 Qe6 21.
Ne3 c6 22. b3 f6 23. Nc4 Bc7 24. h4 Rf7 25. Nf5 Rfd7 26. Qg4 Kf8 27. Nce3 g6
28. Ng3 Qxg4 29. Nxg4 Bb6 30. Nf1 h5 31. Nge3 Rd3 32. Nc4 Bc7 33. Rac1 Nd6 34.
Nb2 Nb5 35. Nxd3 Rxd3 36. Re3 Rd8 37. a4 Nd6 38. c4 Ke7 39. c5 Nf7 40. b4 Rd4
41. Rb1 Nd8 42. Ng3 Ne6 43. Ne2 Rd2 44. Kf1 Nf4 45. Nxf4 exf4 46. Re2 Rd3 47.
Ree1 Be5 48. b5 axb5 49. axb5 Rc3 50. bxc6 bxc6 51. Rec1 Rd3 52. Rb6 Kd7 53.
Ke2 Rd4 54. f3 g5 55. Rb7+ Ke6 56. Rh7 gxh4 57. Rxh5 Rb4 58. Rc2 Rb8 59. Rxh4
Rb5 60. Rh5 Ra5 61. Rh8 Ra4 62. Rd8 Ke7 63. Rcd2 Ra7 64. Rc8 Rc7 65. Rxc7+ Bxc7
66. Rd1 Be5 67. Rh1 Bd4 68. Rh5 Ke6 69. Rf5 Be5 70. Kd3 Kd7 71. Rxe5 fxe5 72.
Ke2 Ke6 73. Kf2 Kf6 74. g4 fxg3+ 75. Kxg3 Kg5 76. Kf2 Kf4 77. Ke2 Kg5 78. Ke3
Kf6 79. f4 exf4+ 80. Kxf4 Ke6 81. e5 Kd5 82. Kf5 Kxc5 83. e6 Kd6 84. Kf6 1-0